Normal view MARC view
  • Digital signalbehandling

Entry Topical Term

Number of records used in: 2

001 - CONTROL NUMBER

  • control field: 97722

003 - CONTROL NUMBER IDENTIFIER

  • control field: NUST

005 - DATE AND TIME OF LATEST TRANSACTION

  • control field: 20220817115722.0

008 - FIXED-LENGTH DATA ELEMENTS

  • fixed length control field: 220817|| aca||aabn | a|a d

040 ## - CATALOGING SOURCE

  • Original cataloging agency: NUST
  • Transcribing agency: NUST

150 ## - HEADING--TOPICAL TERM

  • Topical term or geographic name entry element: Digital signalbehandling

670 ## - SOURCE DATA FOUND

  • Source citation: Work cat.: (NUST)189137: Chassaing, Rulph. 97696, Digital signal processing and applications with the TMS320C6713 and TMS320C6416 DSK /(Include CD) , c2008.
© 2023 Central Library, National University of Sciences and Technology. All Rights Reserved.